00960nam a22002297a 450000500170000000800410001702000180005804000590007604100260013511000310016124500800019226000310027230000380030349000330034150002020037463000210057665000380059765000440063565000160067965000130069565000220070820230818122347.0230817b |||||||| |||| 00| 0 eng d a9786556172989 cEscola Canadense de Niterói - Expansão Itacoatiara aPortuguês / English aTodolivro Ltda.ePublisher aPalavras / Words: um livro de nomeação para desenvolver o vocabulário aChina:bTodolivro,c[s.d.] a12 p. ;c20,9 x 25 cm (capa dura) aEscolinha Primeiras Palavras aUm encantador livro de nomeação bilíngue para a criança aprender palavras com os amigos da Escolinha, por meio da associação com suas respectivas imagens. Perfeito para explorar o mundo 0aNão Ficção 0aInfants, Toddlers or Kindergarten 0aLivros de inicialização à leitura 0aBilinguismo 0aPalavras 0aLivros cartonados